000
00305nam a22001337a 4500
008
170315b xxu||||| |||| 00| 0 eng d
020
_a
9780520078499
041
_a
eng
080
_a
591
100
_a
7
101
_a
SHM
245
_a
LATIN AMERICAN INSECTS AND ENTOMOLOGY
_c
HOGUE, CH.L
942
_2
udc
_c
BK
999
_c
7810
_d
7810